Estatísticas para Municípios da Bahia em um Mapa

Clique aqui para jogar o quiz

Estatísticas Gerais

  • Esse quiz foi jogado 176 vezes
  • A pontuação média é 130 de 417

Respostas no mapa

Respostas codificadas por cores de uma escala verde-vermelha no mapa do quiz de acordo com a % correta abaixo.
Carregando ...
 

Estatísticas das Respostas

Município% Correto
Salvador
100%
Ilhéus
93%
Juazeiro
90%
Vitória da Conquista
84%
Lauro de Freitas
84%
Porto Seguro
84%
Feira de Santana
82%
Camaçari
79%
Itabuna
79%
Alagoinhas
72%
Barreiras
72%
Luís Eduardo Magalhães
70%
Paulo Afonso
70%
Jequié
69%
Teixeira de Freitas
67%
Xique-Xique
63%
Lençóis
60%
Bom Jesus da Lapa
58%
Simões Filho
58%
Santo Antônio de Jesus
58%
Candeias
58%
Senhor do Bonfim
58%
Irecê
57%
Itapé
57%
Brumado
57%
Guanambi
57%
Valença
57%
Eunápolis
57%
Santo Amaro
57%
Serrinha
55%
Seabra
55%
Entre Rios
55%
Itaparica
55%
Jacobina
55%
São Félix
54%
Vera Cruz
54%
Correntina
54%
Barra
54%
Cachoeira
54%
Esplanada
54%
Conceição do Jacuípe
52%
Amélia Rodrigues
52%
Itapetinga
52%
Ipiaú
52%
Prado
51%
Santa Maria da Vitória
51%
Conde
51%
Mucugê
51%
Itacaré
51%
Itaberaba
51%
Cruz das Almas
49%
Catu
49%
Canudos
49%
São Francisco do Conde
49%
Itamaraju
49%
Amargosa
49%
Santa Cruz Cabrália
49%
Pojuca
49%
Mata de São João
49%
Palmeiras
49%
São Desidério
48%
Cocos
48%
Conceição do Coité
48%
Andaraí
48%
Dias d'Ávila
48%
Caetité
48%
Gandu
48%
Laje
48%
Canavieiras
48%
Mucuri
46%
Poções
46%
Malhada
46%
Remanso
46%
São Sebastião do Passé
46%
Madre de Deus
46%
Sobradinho
46%
Jaguaquara
46%
Rio de Contas
45%
Una
45%
Nazaré
45%
Cairu
45%
Rio Real
45%
Camamu
45%
Anagé
45%
Barra da Estiva
45%
Caravelas
43%
Alcobaça
43%
Jeremoabo
43%
Livramento de Nossa Senhora
43%
Nova Viçosa
43%
Tucano
43%
São Gabriel
42%
Santo Estêvão
42%
Brejões
42%
Camacan
42%
Euclides da Cunha
42%
Castro Alves
42%
Jandaíra
42%
Barra do Choça
42%
Santaluz
40%
Wenceslau Guimarães
40%
Santana
40%
Medeiros Neto
40%
Itanhém
40%
Wagner
40%
Planalto
40%
Ibicaraí
40%
Campo Formoso
40%
Santa Bárbara
40%
Teolândia
40%
Caculé
40%
Ibotirama
40%
Nordestina
39%
Governador Mangabeira
39%
Formosa do Rio Preto
39%
Monte Santo
39%
Milagres
39%
Lajedão
39%
Belmonte
39%
Jussara
39%
Iuiú
39%
Itabela
39%
Piatã
39%
Abaíra
39%
Irará
39%
Riachão do Jacuípe
39%
Vereda
39%
Capim Grosso
39%
Carinhanha
39%
Araçás
39%
Casa Nova
39%
Rafael Jambeiro
39%
Itagi
37%
Itanagra
37%
Wanderley
37%
Oliveira dos Brejinhos
37%
Queimadas
37%
Cândido Sales
37%
Antas
37%
Maragogipe
37%
Baianópolis
37%
Teofilândia
37%
Uauá
37%
Santa Inês
37%
Jaborandi
36%
Abaré
36%
Presidente Dutra
36%
Uruçuca
36%
Taperoá
36%
Sento Sé
36%
São Domingos
36%
Santa Luzia
36%
Santa Brígida
36%
Ruy Barbosa
36%
Olindina
36%
Presidente Tancredo Neves
36%
Saubara
36%
Maracás
36%
Santa Rita de Cássia
34%
Pintadas
34%
São Felipe
34%
Conceição da Feira
34%
São Félix do Coribe
34%
Coribe
34%
Encruzilhada
34%
Itajuípe
34%
Lajedinho
34%
Jaguaripe
33%
Maraú
33%
Itagibá
33%
João Dourado
33%
Ibirapuã
33%
Andorinha
33%
Cardeal da Silva
33%
Guaratinga
33%
Pilão Arcado
33%
Ribeira do Pombal
31%
Itororó
31%
Barra do Rocha
31%
Nova Itarana
31%
Santanópolis
31%
Itapebi
31%
Nova Canaã
31%
Mundo Novo
31%
Jucuruçu
31%
Mansidão
31%
Buerarema
31%
Itagimirim
31%
Ubaitaba
31%
Valente
31%
Brejolândia
31%
Várzea da Roça
31%
Várzea do Poço
31%
Pedrão
30%
Feira da Mata
30%
Nova Redenção
30%
Itambé
30%
Novo Triunfo
30%
Várzea Nova
30%
Varzedo
30%
Potiraguá
30%
Presidente Jânio Quadros
30%
Iaçu
30%
Heliópolis
30%
Riachão das Neves
30%
Paripiranga
30%
Nova Fátima
30%
Aracatu
30%
Cotegipe
30%
Nilo Peçanha
30%
Santa Teresinha
30%
Muritiba
30%
Contendas do Sincorá
30%
Condeúba
30%
Serra do Ramalho
30%
São José do Jacuípe
30%
Cansanção
30%
Glória
28%
Mascote
28%
Sebastião Laranjeiras
28%
Palmas de Monte Alto
28%
Fátima
28%
Ituberá
28%
Saúde
28%
Itaju do Colônia
28%
América Dourada
28%
Pindaí
28%
Tanhaçu
28%
Elísio Medrado
28%
Ubatã
28%
Arataca
27%
Adustina
27%
Almadina
27%
Novo Horizonte
27%
Canarana
27%
Serra Preta
27%
Aurelino Leal
27%
Utinga
27%
Candeal
27%
Itarantim
27%
Bom Jesus da Serra
27%
Jussari
25%
Cordeiros
25%
Floresta Azul
25%
Nova Soure
25%
Caatiba
25%
Angical
25%
Cícero Dantas
25%
Itaguaçu da Bahia
25%
Ituaçu
25%
Rio do Antônio
25%
Serra Dourada
25%
Macaúbas
25%
Maiquinique
25%
Ibirataia
25%
Itapitanga
25%
Ibicuí
25%
Macarani
25%
Conceição do Almeida
24%
Pau Brasil
24%
Jiquiriçá
24%
Cabaceiras do Paraguaçu
24%
Cristópolis
24%
Jitaúna
24%
Planaltino
24%
Campo Alegre de Lourdes
24%
Ichu
24%
Ubaíra
22%
Ipirá
22%
Nova Ibiá
22%
Lapão
22%
Tanquinho
22%
São Gonçalo dos Campos
22%
São José da Vitória
22%
Cipó
22%
Igrapiúna
22%
Piraí do Norte
22%
Pedro Alexandre
22%
Caraíbas
22%
Crisópolis
22%
Inhambupe
22%
Rodelas
21%
Muquém do São Francisco
21%
Candiba
21%
Santa Cruz da Vitória
21%
Coração de Maria
21%
Araci
19%
Umburanas
19%
Rio do Pires
19%
Filadélfia
19%
Salinas da Margarida
19%
Baixa Grande
19%
Barra do Mendes
19%
Gongogi
19%
Coaraci
19%
Bonito
19%
Mortugaba
19%
Aporá
19%
Caetanos
19%
Boa Vista do Tupim
18%
Antônio Gonçalves
18%
Ibipitanga
18%
Tremedal
18%
Ibirapitanga
18%
Teodoro Sampaio
18%
Canápolis
18%
Coronel João Sá
18%
Aramari
18%
Aratuípe
18%
Gavião
18%
Ouriçangas
18%
Água Fria
18%
Buritirama
18%
Biritinga
18%
Firmino Alves
18%
Paratinga
18%
Morro do Chapéu
18%
Urandi
18%
Miguel Calmon
18%
Piritiba
18%
Malhada de Pedras
18%
Gentio do Ouro
16%
Banzaê
16%
Boninal
16%
Itapicuru
16%
Antônio Cardoso
16%
Matina
16%
Capela do Alto Alegre
16%
Barro Preto
16%
Ponto Novo
16%
Macajuba
16%
Tabocas do Brejo Velho
16%
Iramaia
16%
Anguera
16%
Macururé
16%
Itiúba
16%
Ibicoara
16%
Cafarnaum
16%
Riacho de Santana
16%
Ribeira do Amparo
16%
Retirolândia
16%
Pindobaçu
16%
Catolândia
16%
Jaguarari
16%
Pé de Serra
16%
Dom Basílio
16%
Sítio do Quinto
15%
Serrolândia
15%
Souto Soares
15%
Ibiassucê
15%
Quijingue
15%
Central
15%
Mirangaba
15%
Mairi
15%
Caém
15%
Acajutiba
15%
Caldeirão Grande
15%
Cravolândia
15%
Curaçá
15%
Barrocas
15%
Lagoa Real
15%
Lamarão
13%
Tapiramutá
13%
Boa Nova
13%
Itatim
13%
Lafaiete Coutinho
13%
Quixabeira
13%
Ibiquera
13%
Sátiro Dias
13%
Sapeaçu
13%
Mutuípe
13%
Ipecaetá
13%
Tanque Novo
13%
Chorrochó
13%
Marcionílio Souza
12%
Ibipeba
12%
Itaetê
12%
Mulungu do Morro
12%
Dom Macedo Costa
12%
Ribeirão do Largo
12%
Terra Nova
12%
Piripá
12%
Uibaí
12%
Iraquara
10%
Brotas de Macaúbas
10%
Dário Meira
10%
Maetinga
10%
Muniz Ferreira
10%
Ourolândia
10%
Belo Campo
10%
Sítio do Mato
9%
Mirante
9%
Iguaí
9%
Jussiape
9%
Aiquara
9%
Paramirim
9%
Igaporã
7%
Érico Cardoso
7%
Apuarema
7%
Manoel Vitorino
7%
São Miguel das Matas
7%
Boquira
7%
Guajeru
7%
Ibitiara
6%
Itamari
6%
Botuporã
6%
Morpará
6%
Ibititá
6%
Licínio de Almeida
6%
Itiruçu
6%
Ipupiara
6%
Irajuba
6%
Itaquara
6%
Caturama
6%
Jacaraci
6%
Barro Alto
4%
Lagedo do Tabocal
4%

Distribuição das Pontuações

Percentil de Números Respondidos

Porcentagem de Pessoas com Cada Pontuação

Sua Pontuação Histórica

Você não jogou esse quiz